Histoire de la guerre du Mexique rédigée d'après les documents officiels et renfermant les notices biographiques des principaux personnages / par Félix Ribeyre, rédacteur du Constitutionnel. Ouvrage faissant partie des publications nationales d'Eugène Picj de l'Isère fondateur de la Grande Librairie Napoléonienne

Detalles Bibliográficos
Autor principal: Ribeyre, Félix, 1831- ?
Formato: Libro
Lenguaje:French
Publicado: Paris : a la Grande Librairie Napoléonienne Eugène Pick, de L'Isère, éditeur 5, rue du Pont-de-Lodi, 1863.
Materias:
Colección:Banco de datos
Acervo:Universidad Autónoma Benito Juárez de Oaxaca. Biblioteca Francisco de Burgoa. Colección histórica
Descripción Física:VIII, 312 p. : il. ; 24.5 cm.
Tema general:Historia de México
Notas:Portada tipográfica. Texto a renglón seguido con paginación en números arábigos y romanos, cornisas y signaturas. Incluye retrato de Napoleón III. Propiedad.- Imprimerie Poupart-Davyl et ce., rue du Bac, 30. Encuadernación en cartón con lomo en piel
LEADER 01302nam a22001810004500
035 |a 3549 
041 0 |a fre 
100 1 |a Ribeyre, Félix, 1831- ? 
245 1 0 |a Histoire de la guerre du Mexique rédigée d'après les documents officiels et renfermant les notices biographiques des principaux personnages / par Félix Ribeyre, rédacteur du Constitutionnel. Ouvrage faissant partie des publications nationales d'Eugène Picj de l'Isère fondateur de la Grande Librairie Napoléonienne 
260 |a Paris : a la Grande Librairie Napoléonienne Eugène Pick, de L'Isère, éditeur 5, rue du Pont-de-Lodi, 1863. 
300 |a VIII, 312 p. : il. ; 24.5 cm.  
500 |a Portada tipográfica. Texto a renglón seguido con paginación en números arábigos y romanos, cornisas y signaturas. Incluye retrato de Napoleón III. Propiedad.- Imprimerie Poupart-Davyl et ce., rue du Bac, 30. Encuadernación en cartón con lomo en piel  
504 |a Al principio de la obra está el índice de materias 
650 1 0 |a Historia de México 
852 |a Universidad Autónoma "Benito Juárez" de Oaxaca, Biblioteca Francisco de Burgoa, Colección histórica 19850 
942 |c BURHIS 
943 |g Universidad Autónoma Benito Juárez de Oaxaca. Biblioteca Francisco de Burgoa. Colección histórica 
999 |c 1122392  |d 1122392